|
|
|
|
| LEADER |
00000cam a22000002cc4500 |
| 001 |
1120887399 |
| 003 |
DE-627 |
| 005 |
20220516125447.0 |
| 007 |
tu |
| 008 |
960313s1817 xx ||||| 00| ||lat c |
| 035 |
|
|
|a (DE-627)1120887399
|
| 035 |
|
|
|a (DE-576)050887394
|
| 035 |
|
|
|a (DE-599)BSZ050887394
|
| 040 |
|
|
|a DE-627
|b ger
|c DE-627
|e rakwb
|
| 041 |
|
|
|a lat
|
| 084 |
|
|
|a 1
|2 ssgn
|
| 100 |
1 |
|
|0 (DE-588)11884170X
|0 (DE-627)13707378X
|0 (DE-576)210150645
|4 aut
|a Wiest, Stephan
|d 1748-1797
|
| 109 |
|
|
|a Wiest, Stephan 1748-1797
|a Wiest, Stephanus 1748-1797
|
| 245 |
1 |
0 |
|a Institutiones theologiae dogmaticae in usum academicum
|n 2
|p Tomus II qui complectitur theologiam dogmaticam specialem
|c scripsit Stephanus Wiest
|
| 250 |
|
|
|a editio secunda.
|
| 264 |
|
1 |
|a Ingolstadii
|b Krüll
|c 1817
|
| 300 |
|
|
|a 719 S.
|
| 336 |
|
|
|a Text
|b txt
|2 rdacontent
|
| 337 |
|
|
|a ohne Hilfsmittel zu benutzen
|b n
|2 rdamedia
|
| 338 |
|
|
|a Band
|b nc
|2 rdacarrier
|
| 601 |
|
|
|a Institutiones
|
| 773 |
1 |
8 |
|a Institvtiones Theologiae Dogmaticae In Vsvm Academicvm
|w (DE-627)1120887097
|w (DE-576)050887092
|g 2
|q 2,2
|7 nnam
|
| 935 |
|
|
|a mteo
|
| 951 |
|
|
|a MV
|
| ELC |
|
|
|b 1
|
| ITA |
|
|
|a 1
|
| LOK |
|
|
|0 000 xxxxxcx a22 zn 4500
|
| LOK |
|
|
|0 001 2277004901
|
| LOK |
|
|
|0 003 DE-627
|
| LOK |
|
|
|0 004 1120887399
|
| LOK |
|
|
|0 005 20100408170345
|
| LOK |
|
|
|0 008 960313||||||||||||||||ger|||||||
|
| LOK |
|
|
|0 040
|a DE-21-35
|c DE-627
|d DE-21-35
|
| LOK |
|
|
|0 541
|e 1972/41420
|
| LOK |
|
|
|0 852
|a DE-21-35
|
| LOK |
|
|
|0 852 1
|c Dk 9.280-2/2
|m p
|9 00
|
| LOK |
|
|
|0 852 2
|b Magazin
|9 00
|
| LOK |
|
|
|0 938
|k p
|
| LOK |
|
|
|0 939
|a 13-03-96
|b l01
|
| ORI |
|
|
|a SA-MARC-ixtheoa001.raw
|